Statistiche per Sestrieri di Venezia

Clicka qui per fare il quiz!

Statistiche generali

  • Questo quiz è stato fatto 78 volte
    (75 dall'ultimo reset)
  • Il punteggio medio è 3 su 6

Risposte nella Mappa

Le risposte nella mappa del quiz sottostante sono codificate secondo una scala di colori dal rosso al verde in base alla % di persone che hanno risposto correttamente.
 

Statistiche sulle risposte

% Corretto
83%
62%
53%
53%
45%
30%

Distribuzione punteggi

Percentile per numero di risposta

Percentuale di utenti per punteggio

I tuoi punteggi nel tempo

Non hai fatto questo quiz dall'ultimo reset